000 00445nam a2200169Ia 4500
008 210210b1976 xxu||||| |||| 00| 0 eng d
082 _a428.2 HARW
100 _aHARDWICK (H C).
245 _aWords are important, fourth book of vocabulary improvement 4. Ed 1.
250 _a
260 _aAllahabad.
_bA H Wheeler & Co Pvt Ltd
_c1976
300 _a53
440 _a4
650 _aVocabulary
690 _aEnglish Usage
906 _a037626
999 _c87700
_d87700